000 00384nam a2200169Ia 4500
001 11062
008 140331s9999 xx 000 0 und d
020 _a0-684-80416-6
040 _cPK-LaUMT
082 _a 282.092
_bSZU-P
100 _aSzulc, Tad
245 _aPope John Paul II : The biography
_cSzulc, Tad
260 _c1995
300 _a542 p.
546 _aEN
942 _cBK
999 _c11983
_d11983